000 00735nam a22002177a 4500
003 NUST
005 20260430123234.0
008 260430b ||||| |||| 00| 0 eng d
020 _a0-7458-0528-0
082 _a546.6836
_bSIL
100 _aJ.Y. Corey
_9134302
245 _aSilicon Chemistry
_cJ.Y. Corey E.R. Corey, P.P. Gaspar
260 _aEngland
_bEllis Horwood Limited
_c1988
300 _a565p.
_bHb
440 _aSilicon Chemistry
_9134303
505 _rJ.Y. Corey E.R. Corey, P.P. Gaspar
_tSilicon Chemistry
590 _6Donated By Prof. Muhammad Mazhar
600 _aJ.Y. Corey E.R. Corey, P.P. Gaspar
_9134304
700 _aJ.Y. Corey E.R. Corey, P.P. Gaspar
_9134304
942 _2ddc
_cBK
_k546.6836
_m546.6836 SIL 1988
999 _c617276
_d617276